书目信息 |
| 题名: |
古代汉语
|
|
| 作者: | 郭锡良 编著 | |
| 分册: | 下 | |
| 出版信息: | 天津 天津教育出版社 1996.2 |
|
| 页数: | 373页 | |
| 开本: | 20cm | |
| 丛书名: | ||
| 单 册: | ||
| 中图分类: | H109.2 | |
| 科图分类: | ||
| 主题词: | 汉语 | |
| 电子资源: | ||
| ISBN: | 7-5309-1022-1 | |
| 000 | 00535nam0 2200193 45 | |
| 001 | 0003170905 | |
| 005 | 20070726125710.37 | |
| 010 | @a7-5309-1022-1@dCNY10.30 | |
| 100 | @a20000317d1996 km y0chiy0120 ea | |
| 101 | @achi | |
| 200 | 1 | @a古代汉语@h下@AGu Dai Han Yu@f郭锡良等编著@FGuo Xi Liang Deng Bian Zhu |
| 205 | @a2版@b修订本 | |
| 210 | @a天津@c天津教育出版社@d1996.2 | |
| 215 | @a373页@d20cm | |
| 606 | 0 | @a汉语 |
| 690 | @aH109.2@v2 | |
| 701 | 0 | @a郭锡良@4编著 |
| 801 | @aCN@bTSTC@c20070726 | |
| 905 | @f5@b286023-027@dH109.2@e1:3=2 | |
| 古代汉语.下/郭锡良等编著.-2版,修订本.-天津:天津教育出版社,1996.2 |
| 373页;20cm |
| ISBN 7-5309-1022-1:CNY10.30 |
| ● |
| 相关链接 |
|
|
|
|
正题名:古代汉语
索取号:H109.2/1:3=2
 
预约/预借
| 序号 | 登录号 | 条形码 | 馆藏地/架位号 | 状态 | 备注 |
| 1 | 0286023 | 002860238 | 第四借阅区/ [索取号:H109.2/1:3=2] | 在馆 | |
| 2 | 0286024 | 002860247 | 第四借阅区/ [索取号:H109.2/1:3=2] | 在馆 | |
| 3 | 0286025 | 002860256 | 第四借阅区/ [索取号:H109.2/1:3=2] | 在馆 | |
| 4 | 0286026 | 002860265 | 第四借阅区/ [索取号:H109.2/1:3=2] | 在馆 | |
| 5 | 0286027 | 002860274 | 第二样本阅览室/ [索取号:H109.2/1:3=2] | 在馆 | |
| 6 | 0655069 | 206550695 | 库房3/ [索取号:H109.2/1:3=2] | 在馆 | |
| 7 | 0787841 | 207878411 | 密集书库/ [索取号:H109.2/1:3=2] | 在馆 |